[Event "Hastings Masters"]
[Site "Hastings"]
[Date "2024.01.05"]
[Round "9.8"]
[White "Petrov, Martin"]
[Black "Derakhshani, Borna"]
[Result "1-0"]
[WhiteElo "2501"]
[BlackElo "2380"]
[PlyCount "77"]
[EventDate "2023.12.28"]
[EventType "swiss"]
[EventRounds "9"]
[EventCountry "ENG"]
[SourceTitle "BritBase"]
[Source "John Saunders"]
[SourceDate "2024.01.08"]
[SourceVersion "1"]
[SourceVersionDate "2024.01.08"]
[SourceQuality "1"]

1. e4 c6 2. d4 d5 3. e5 Bf5 4. Nf3 e6 5. Be2 Nd7 6. O-O a5 7. c3 a4 8. h3 h6 9.
Ne1 Ne7 10. Na3 Bh7 11. Nac2 Qb6 12. Bd3 Nf5 13. Ne3 Be7 14. Qg4 g6 15. Nxf5
exf5 16. Qe2 Nf8 17. Bxh6 Ne6 18. Bc1 f4 19. Qc2 c5 20. dxc5 Nxc5 21. Bxf4 Nxd3
22. Nxd3 g5 23. Be3 Qg6 24. Rad1 g4 25. Qe2 gxh3 26. Nf4 Qg7 27. g3 O-O-O 28.
Bd4 Qh6 29. Kh2 Bg5 30. Be3 Bxf4 31. Bxf4 Qc6 32. Rd4 Bf5 33. c4 Qa6 34. Rc1
Kb8 35. e6+ Ka8 36. e7 Rde8 37. Qe5 Be6 38. cxd5 Bd7 39. Rdc4 1-0

[Event "Hastings Masters"]
[Site "Hastings"]
[Date "2024.01.05"]
[Round "9.9"]
[White "Mikhalevski, Victor"]
[Black "Lux, Hugo De Melo"]
[Result "1-0"]
[WhiteElo "2524"]
[BlackElo "2311"]
[PlyCount "69"]
[EventDate "2023.12.28"]
[EventType "swiss"]
[EventRounds "9"]
[EventCountry "ENG"]
[SourceTitle "BritBase"]
[Source "John Saunders"]
[SourceDate "2024.01.08"]
[SourceVersion "1"]
[SourceVersionDate "2024.01.08"]
[SourceQuality "1"]

1. Nf3 Nf6 2. g3 d5 3. Bg2 e6 4. O-O b5 5. b3 Bb7 6. c4 dxc4 7. bxc4 b4 8. d4
c5 9. a3 a5 10. axb4 axb4 11. Rxa8 Bxa8 12. Ne5 Bxg2 13. Kxg2 Qxd4 14. Qa4+
Nfd7 15. Bf4 Ke7 16. Qa7 f6 17. Nf3 Qxc4 18. Bxb8 Qd5 19. Qc7 Kf7 20. e4 Qd3
21. Qb7 Be7 22. Ba7 g5 23. Rc1 g4 24. Ne1 Qd4 25. Nc2 Qb2 26. Rd1 Qxc2 27. Rxd7
Re8 28. Nd2 Kg6 29. Rxe7 Rxe7 30. Qxe7 Qxd2 31. Bxc5 Qe2 32. Qe8+ Kh6 33. Qf8+
Kh5 34. Qf7+ Kh6 35. Bf8+ 1-0

[Event "Hastings Masters"]
[Site "Hastings"]
[Date "2024.01.05"]
[Round "9.10"]
[White "Waldhausen Gordon, Frederick"]
[Black "Gormally, Daniel W"]
[Result "1-0"]
[WhiteElo "2338"]
[BlackElo "2442"]
[PlyCount "105"]
[EventDate "2023.12.28"]
[EventType "swiss"]
[EventRounds "9"]
[EventCountry "ENG"]
[SourceTitle "BritBase"]
[Source "John Saunders"]
[SourceDate "2024.01.08"]
[SourceVersion "1"]
[SourceVersionDate "2024.01.08"]
[SourceQuality "1"]

1. d4 d5 2. c4 c6 3. Nc3 Nf6 4. Nf3 e6 5. e3 Nbd7 6. Qc2 Bd6 7. Be2 O-O 8. O-O
dxc4 9. Bxc4 b5 10. Bd3 Bb7 11. e4 e5 12. Rd1 Qc7 13. h3 a6 14. a4 exd4 15.
Nxd4 c5 16. Nf5 Bh2+ 17. Kh1 c4 18. Be2 Be5 19. axb5 axb5 20. Rxa8 Bxa8 21.
Nxb5 Bxe4 22. Ne7+ Kh8 23. Qxc4 Qxc4 24. Bxc4 Re8 25. Nd5 Bxd5 26. Bxd5 Nxd5
27. Rxd5 Nf6 28. Rd1 h6 29. Na7 Bd4 30. Rxd4 Re1+ 31. Kh2 Rxc1 32. b4 Rc2 33.
Kg3 Rc3+ 34. Kf4 g5+ 35. Ke5 Kg7 36. b5 Rc2 37. b6 Rb2 38. Nc8 Rxf2 39. Kd6
Rxg2 40. b7 Rb2 41. Kc7 Rc2+ 42. Kd8 Rb2 43. Kc7 Rc2+ 44. Kb6 Rb2+ 45. Kc6 Rc2+
46. Kb5 Rb2+ 47. Rb4 Rxb4+ 48. Kxb4 Nd7 49. Kb5 Kf6 50. Kc6 Ke6 51. Nb6 Nb8+
52. Kc7 Na6+ 53. Kc8 1-0

[Event "Hastings Masters"]
[Site "Hastings"]
[Date "2024.01.05"]
[Round "9.11"]
[White "Gallagher, Joseph G"]
[Black "Rudd, Jack"]
[Result "1/2-1/2"]
[WhiteElo "2427"]
[BlackElo "2314"]
[PlyCount "70"]
[EventDate "2023.12.28"]
[EventType "swiss"]
[EventRounds "9"]
[EventCountry "ENG"]
[SourceTitle "BritBase"]
[Source "John Saunders"]
[SourceDate "2024.01.08"]
[SourceVersion "1"]
[SourceVersionDate "2024.01.08"]
[SourceQuality "1"]

1. e4 c5 2. Nf3 e6 3. d4 cxd4 4. Nxd4 Nf6 5. Nc3 Nc6 6. Ndb5 d6 7. Bf4 e5 8.
Bg5 a6 9. Na3 b5 10. Nd5 Qa5+ 11. Bd2 Qd8 12. Bg5 Qa5+ 13. Bd2 Qd8 14. c4 b4
15. Nxf6+ Qxf6 16. Nc2 Qg6 17. Nxb4 Qxe4+ 18. Qe2 Qxe2+ 19. Bxe2 Nxb4 20. Bxb4
Bb7 21. O-O d5 22. Bxf8 Rxf8 23. cxd5 Bxd5 24. Rfd1 Be6 25. b4 Ke7 26. a4 Rfb8
27. Rab1 Ra7 28. a5 Rab7 29. f4 Rxb4 30. Rxb4 Rxb4 31. fxe5 Ra4 32. Rd6 Rxa5
33. Rxa6 Rxe5 34. Ra7+ Kf6 35. Kf2 g6 1/2-1/2

[Event "Hastings Masters"]
[Site "Hastings"]
[Date "2024.01.05"]
[Round "9.12"]
[White "Sarkar, Justin"]
[Black "Boyer, Mahel"]
[Result "1/2-1/2"]
[WhiteElo "2272"]
[BlackElo "2427"]
[PlyCount "149"]
[EventDate "2023.12.28"]
[EventType "swiss"]
[EventRounds "9"]
[EventCountry "ENG"]
[SourceTitle "BritBase"]
[Source "John Saunders"]
[SourceDate "2024.01.08"]
[SourceVersion "1"]
[SourceVersionDate "2024.01.08"]
[SourceQuality "1"]

1. e4 e6 2. d4 d5 3. Nc3 Nf6 4. e5 Nfd7 5. f4 c5 6. Nf3 Nc6 7. Be3 Be7 8. Qd2
O-O 9. dxc5 Qa5 10. a3 a6 11. h4 f6 12. exf6 Nxf6 13. Be2 Rd8 14. Nd1 Qxd2+ 15.
Nxd2 d4 16. Bg1 Bxc5 17. Nf2 e5 18. Nd3 Ba7 19. Nxe5 Nxe5 20. fxe5 Ng4 21. Bxg4
Bxg4 22. Nf3 Rd5 23. O-O-O Rf8 24. c4 Rc8 25. Kd2 Rxc4 26. Kd3 Ra4 27. Ke4 Rb5
28. Rd2 d3+ 29. Kxd3 Bxg1 30. Rxg1 Bxf3 31. gxf3 Rxh4 32. Re2 Rf4 33. Ke3 Rxe5+
34. Kxf4 Rxe2 35. b4 Kf7 36. Rc1 Kf6 37. Rc7 Re7 38. Rc5 Ke6 39. b5 Kd6 40. Rg5
axb5 41. Rxb5 Kc6 42. a4 b6 43. Kg4 Re1 44. Rb4 Ra1 45. Kf5 Rg1 46. Ke6 h5 47.
Rb5 g5 48. Re5 h4 49. Kf5 h3 50. Re6+ Kb7 51. Rh6 Rg3 52. Ke4 Ka6 53. Rh8 g4
54. fxg4 Rxg4+ 55. Kd5 Rg3 56. Kc4 Kb7 57. Rh7+ Kc6 58. Rh6+ Kd7 59. Rxb6 Rg4+
60. Kd5 Rh4 61. Rb1 Rxa4 62. Rh1 Rh4 63. Ke5 Kc6 64. Kf5 Kd5 65. Rd1+ Kc4 66.
Kg5 Rh8 67. Kg4 h2 68. Rh1 Kd3 69. Kf3 Rf8+ 70. Kg2 Ke2 71. Rxh2 Rg8+ 72. Kh1+
Kf1 73. Rh6 Rf8 74. Kh2 Kf2 75. Kh3 1/2-1/2

[Event "Hastings Masters"]
[Site "Hastings"]
[Date "2024.01.05"]
[Round "9.13"]
[White "Cherniaev, Alexander"]
[Black "Nielsen, Andre"]
[Result "1/2-1/2"]
[WhiteElo "2381"]
[BlackElo "2239"]
[PlyCount "60"]
[EventDate "2023.12.28"]
[EventType "swiss"]
[EventRounds "9"]
[EventCountry "ENG"]
[SourceTitle "BritBase"]
[Source "John Saunders"]
[SourceDate "2024.01.08"]
[SourceVersion "1"]
[SourceVersionDate "2024.01.08"]
[SourceQuality "1"]

1. e4 e5 2. Nf3 Nc6 3. Bb5 a6 4. Ba4 Nf6 5. O-O Bc5 6. c3 b5 7. Bc2 d5 8. d4
dxe4 9. Nbd2 exf3 10. Qxf3 Be7 11. Qxc6+ Bd7 12. Qf3 exd4 13. cxd4 O-O 14. Ne4
Nxe4 15. Bxe4 Rc8 16. Be3 Bd6 17. Rac1 Qh4 18. h3 Rce8 19. Bc6 Bxc6 20. Rxc6 f5
21. Rxa6 Qe4 22. Qxe4 Rxe4 23. g3 Bxg3 24. fxg3 Rxe3 25. Kg2 Rd3 26. Rc6 Rxd4
27. Rxc7 Rd2+ 28. Rf2 Rfd8 29. Rc2 Rxc2 30. Rxc2 Rd3 1/2-1/2

[Event "Hastings Masters"]
[Site "Hastings"]
[Date "2024.01.05"]
[Round "9.14"]
[White "Vestby-Ellingsen, Mads"]
[Black "Unuk, Laura"]
[Result "1/2-1/2"]
[WhiteElo "2329"]
[BlackElo "2345"]
[PlyCount "39"]
[EventDate "2023.12.28"]
[EventType "swiss"]
[EventRounds "9"]
[EventCountry "ENG"]
[SourceTitle "BritBase"]
[Source "John Saunders"]
[SourceDate "2024.01.08"]
[SourceVersion "1"]
[SourceVersionDate "2024.01.08"]
[SourceQuality "1"]

1. e4 c6 2. d4 d5 3. Nc3 dxe4 4. Nxe4 Nf6 5. Nxf6+ exf6 6. Bd3 Bd6 7. Qh5 f5 8.
Ne2 O-O 9. Bd2 Na6 10. Qf3 Nb4 11. Bxb4 Bxb4+ 12. c3 Bd6 13. Bxf5 Bxf5 14. Qxf5
Re8 15. Rc1 Re6 16. Rc2 Qe7 17. Qd3 Re8 18. g3 h5 19. Kd1 Re4 20. Rd2 1/2-1/2

[Event "Hastings Masters"]
[Site "Hastings"]
[Date "2024.01.05"]
[Round "9.15"]
[White "Grutter, Tim"]
[Black "Bai, Xue"]
[Result "0-1"]
[WhiteElo "2342"]
[BlackElo "2099"]
[PlyCount "100"]
[EventDate "2023.12.28"]
[EventType "swiss"]
[EventRounds "9"]
[EventCountry "ENG"]
[SourceTitle "BritBase"]
[Source "John Saunders"]
[SourceDate "2024.01.08"]
[SourceVersion "1"]
[SourceVersionDate "2024.01.08"]
[SourceQuality "1"]

1. e4 e5 2. Nf3 Nc6 3. Bb5 a6 4. Ba4 Nf6 5. O-O Be7 6. Bxc6 dxc6 7. d3 Qd6 8.
Nbd2 b5 9. d4 Nd7 10. Nb3 exd4 11. Nfxd4 c5 12. Nf5 Qxd1 13. Rxd1 Bf6 14. Ne3
Bb7 15. Re1 O-O-O 16. Ng4 c4 17. Na5 Bd4 18. Nxb7 Kxb7 19. Ne3 Rhe8 20. f3 g6
21. Kf1 Nc5 22. Rb1 Re6 23. b3 cxb3 24. axb3 Bc3 25. Rd1 Rxd1+ 26. Nxd1 Be5 27.
g3 Rc6 28. Bd2 Ne6 29. c3 g5 30. Rc1 Nc5 31. Rb1 g4 32. b4 Na4 33. f4 Bxc3 34.
Nxc3 Nxc3 35. Re1 Rc4 36. Bxc3 Rxc3 37. e5 c5 38. bxc5 Rxc5 39. f5 Kc7 40. Re4
a5 41. Ke2 Kd8 42. Kd3 a4 43. Re1 a3 44. Kd4 Rc4+ 45. Kd5 a2 46. Ra1 Rc2 47. e6
fxe6+ 48. Kxe6 b4 49. f6 Ke8 50. Rd1 Re2+ 0-1

[Event "Hastings Masters"]
[Site "Hastings"]
[Date "2024.01.05"]
[Round "9.16"]
[White "Talab, Rami"]
[Black "Bozinakis, Pavlos"]
[Result "0-1"]
[WhiteElo "1947"]
[BlackElo "2274"]
[PlyCount "90"]
[EventDate "2023.12.28"]
[EventType "swiss"]
[EventRounds "9"]
[EventCountry "ENG"]
[SourceTitle "BritBase"]
[Source "John Saunders"]
[SourceDate "2024.01.08"]
[SourceVersion "1"]
[SourceVersionDate "2024.01.08"]
[SourceQuality "1"]

1. e4 e5 2. Nf3 Nc6 3. Bc4 Nf6 4. d3 Be7 5. c3 O-O 6. Nbd2 d5 7. Bb3 a5 8. a4
b6 9. Qe2 Ba6 10. Bc2 d4 11. Nf1 Nd7 12. cxd4 exd4 13. Ng3 Bb4+ 14. Bd2 Bxd2+
15. Qxd2 Nc5 16. O-O Nb4 17. Ra3 Bc8 18. Ne2 Nxc2 19. Qxc2 Ne6 20. Raa1 c5 21.
Nd2 Nc7 22. Nc4 Na6 23. Qd2 Nb4 24. Rae1 Bd7 25. b3 b5 26. axb5 Bxb5 27. Nb2 a4
28. bxa4 Bxa4 29. Ra1 Qd7 30. Rfc1 Bc2 31. Rxa8 Rxa8 32. Rxc2 Nxc2 33. Qxc2
Ra1+ 34. Nc1 Qb5 35. h3 Qb4 36. Kh2 Qc3 37. Qb3 Qxb3 38. Nxb3 Rb1 39. Nxc5 Rxb2
40. Kg3 Rb5 41. Na4 Kf8 42. Kf3 Ke7 43. e5 Kd7 44. Ke4 Kc6 45. Kxd4 Rb4+ 0-1

[Event "Hastings Masters"]
[Site "Hastings"]
[Date "2024.01.05"]
[Round "9.17"]
[White "Pert, Max P"]
[Black "Boswell, Jacob Connor"]
[Result "0-1"]
[WhiteElo "1950"]
[BlackElo "2235"]
[PlyCount "62"]
[EventDate "2023.12.28"]
[EventType "swiss"]
[EventRounds "9"]
[EventCountry "ENG"]
[SourceTitle "BritBase"]
[Source "John Saunders"]
[SourceDate "2024.01.08"]
[SourceVersion "1"]
[SourceVersionDate "2024.01.08"]
[SourceQuality "1"]

1. d4 g6 2. g3 Bg7 3. Bg2 Nf6 4. Nf3 O-O 5. O-O d6 6. a4 Nbd7 7. Nc3 d5 8. a5
c5 9. dxc5 Nxc5 10. Be3 Nce4 11. Bd4 Nxc3 12. Bxc3 Bf5 13. a6 b6 14. Nd4 Bd7
15. Nb3 e6 16. f3 Qc7 17. e4 Bb5 18. Rf2 dxe4 19. fxe4 e5 20. h3 Rfd8 21. Qc1
Rac8 22. Qg5 Ne8 23. Bf1 Bd7 24. Qe7 f6 25. Nd2 Bf8 26. Bc4+ Qxc4 27. Qxd8 Qe6
28. Qxc8 Bxc8 29. Rh2 Bc5+ 30. Kh1 Qc6 31. Rd1 Nd6 0-1

[Event "Hastings Masters"]
[Site "Hastings"]
[Date "2024.01.05"]
[Round "9.18"]
[White "Villiers, Thomas"]
[Black "Brown, Tom"]
[Result "1/2-1/2"]
[WhiteElo "2230"]
[BlackElo "2095"]
[PlyCount "141"]
[EventDate "2023.12.28"]
[EventType "swiss"]
[EventRounds "9"]
[EventCountry "ENG"]
[SourceTitle "BritBase"]
[Source "John Saunders"]
[SourceDate "2024.01.08"]
[SourceVersion "1"]
[SourceVersionDate "2024.01.08"]
[SourceQuality "1"]

1. d4 d5 2. c4 c6 3. Nf3 Nf6 4. Nc3 Bf5 5. Qb3 Qb6 6. c5 Qxb3 7. axb3 Na6 8.
Bf4 Nb4 9. Ra4 a5 10. Bc7 Ne4 11. Nxe4 dxe4 12. Ne5 Be6 13. e3 Bxb3 14. Rxa5
Rxa5 15. Bxa5 Nd5 16. Kd2 e6 17. Be2 f6 18. Nc4 Be7 19. Ra1 Bxc4 20. Bxc4 Kd7
21. f3 exf3 22. gxf3 Ra8 23. e4 Bd8 24. exd5 exd5 25. Bd3 Rxa5 26. Bf5+ Ke7 27.
Re1+ Kf8 28. Bxh7 Ra4 29. Kd3 Rb4 30. Bg6 Be7 31. Ra1 Bd8 32. Kc3 Rc4+ 33. Kb3
f5 34. Ra7 Ke7 35. Bxf5 Kf6 36. Bd7 Rxd4 37. Rxb7 Be7 38. Bxc6 Bxc5 39. Rb5 Bd6
40. Bxd5 Bxh2 41. Be4 Be5 42. Kc2 Rd8 43. f4 Rc8+ 44. Kd3 Bd6 45. Rg5 Rb8 46.
Rg6+ Ke7 47. Rxg7+ Kf6 48. Rg6+ Ke7 49. f5 Rxb2 50. f6+ Kf7 51. Rh6 Rb3+ 52.
Kc2 Rb5 53. Bg6+ Ke6 54. Bd3 Rc5+ 55. Kb3 Bf8 56. Rg6 Kf7 57. Rg2 Kxf6 58. Rf2+
Ke7 59. Bc4 Bh6 60. Rf7+ Ke8 61. Rh7 Bf8 62. Kc3 Rg5 63. Rb7 Bg7+ 64. Kd3 Kd8
65. Ke4 Re5+ 66. Kf4 Re7 67. Rb6 Kc7 68. Rg6 Bb2 69. Be6 Rg7 70. Rxg7+ Bxg7 71.
Ke4 1/2-1/2

[Event "Hastings Masters"]
[Site "Hastings"]
[Date "2024.01.05"]
[Round "9.19"]
[White "Juknis, Paulius"]
[Black "Kovalskyi, Roman"]
[Result "1-0"]
[WhiteElo "2148"]
[BlackElo "2009"]
[PlyCount "127"]
[EventDate "2023.12.28"]
[EventType "swiss"]
[EventRounds "9"]
[EventCountry "ENG"]
[SourceTitle "BritBase"]
[Source "John Saunders"]
[SourceDate "2024.01.08"]
[SourceVersion "1"]
[SourceVersionDate "2024.01.08"]
[SourceQuality "1"]

1. e4 c5 2. Nc3 g6 3. d4 cxd4 4. Qxd4 Nf6 5. Be3 Nc6 6. Qd2 Bg7 7. f3 O-O 8.
O-O-O d6 9. Bh6 Qa5 10. Bxg7 Kxg7 11. Kb1 Be6 12. Nd5 Qxd2 13. Rxd2 Bxd5 14.
exd5 Ne5 15. Nh3 Rfc8 16. Be2 Rc5 17. Rhd1 b5 18. c3 Nc4 19. Bxc4 bxc4 20. Kc2
Ra5 21. Kb1 Rc8 22. Nf2 Nd7 23. Re1 Kf8 24. Nd1 Nb6 25. Ne3 Rb5 26. Kc1 Ra5 27.
Kb1 Rb5 28. Kc1 Na4 29. Ree2 Rcc5 30. Rd4 Nb6 31. Kc2 Ra5 32. Kb1 Ra4 33. Red2
Rb5 34. g4 Rba5 35. Re4 Ke8 36. a3 Rc5 37. Rdd4 Rc7 38. g5 Kf8 39. Rh4 Kg7 40.
Rh3 Nd7 41. Re4 Ne5 42. Reh4 h5 43. gxh6+ Kh7 44. Rd4 f6 45. f4 Nd7 46. Re4 Nb6
47. f5 g5 48. Rh5 Ra5 49. h4 Nxd5 50. hxg5 fxg5 51. Rxg5 Nxe3 52. Rxe3 e5 53.
f6 Rb5 54. Rg7+ Rxg7 55. hxg7 Rb8 56. Rh3+ Kg6 57. Rh8 Kxf6 58. Rxb8 Kxg7 59.
Rd8 Kf6 60. Rxd6+ Kf5 61. Kc2 e4 62. Kd2 Ke5 63. Ra6 Kd5 64. Rxa7 1-0

[Event "Hastings Masters"]
[Site "Hastings"]
[Date "2024.01.05"]
[Round "9.20"]
[White "Vasiliadis, Theodoros"]
[Black "Hobson, Kenneth"]
[Result "1/2-1/2"]
[WhiteElo "1845"]
[BlackElo "2130"]
[PlyCount "85"]
[EventDate "2023.12.28"]
[EventType "swiss"]
[EventRounds "9"]
[EventCountry "ENG"]
[SourceTitle "BritBase"]
[Source "John Saunders"]
[SourceDate "2024.01.08"]
[SourceVersion "1"]
[SourceVersionDate "2024.01.08"]
[SourceQuality "1"]

1. Nf3 Nf6 2. c4 e6 3. g3 d5 4. Bg2 Be7 5. O-O O-O 6. d4 c6 7. b3 b6 8. Bb2
Nbd7 9. Qc2 a5 10. Nbd2 Ba6 11. Rad1 Qb8 12. e4 Rc8 13. Ng5 Ne8 14. f4 Bxg5 15.
fxg5 dxc4 16. Nxc4 Bxc4 17. Qxc4 b5 18. Qe2 Qd6 19. Rf4 Ra7 20. h4 Qe7 21. Qg4
Rd8 22. Rdf1 Nf8 23. e5 Ng6 24. Rxf7 Qxf7 25. Rxf7 Kxf7 26. Bxc6 Nc7 27. h5 Ne7
28. g6+ hxg6 29. hxg6+ Nxg6 30. Qh5 Rh8 31. Qf3+ Ke7 32. d5 exd5 33. Bxd5 Nxd5
34. Qxd5 Rd7 35. Qc5+ Kf7 36. Qf2+ Ke7 37. Qc5+ Kf7 38. e6+ Kxe6 39. Qc6+ Rd6
40. Qe4+ Kf7 41. Qf5+ Kg8 42. Qc8+ Kh7 43. Qh3+ 1/2-1/2

[Event "Hastings Masters"]
[Site "Hastings"]
[Date "2024.01.05"]
[Round "9.21"]
[White "Arkell, Keith C"]
[Black "Thompson, Ian D"]
[Result "1-0"]
[WhiteElo "2371"]
[BlackElo "2011"]
[PlyCount "119"]
[EventDate "2023.12.28"]
[EventType "swiss"]
[EventRounds "9"]
[EventCountry "ENG"]
[SourceTitle "BritBase"]
[Source "John Saunders"]
[SourceDate "2024.01.08"]
[SourceVersion "1"]
[SourceVersionDate "2024.01.08"]
[SourceQuality "1"]

1. d4 Nf6 2. Nf3 c5 3. d5 b5 4. Bg5 Qb6 5. Bxf6 Qxf6 6. c3 g6 7. e4 Qb6 8. Nbd2
Bg7 9. a4 b4 10. Nc4 Qb7 11. e5 O-O 12. Be2 f6 13. d6 e6 14. O-O Nc6 15. exf6
Bxf6 16. Qd2 Qb8 17. Ng5 Ne5 18. Ne4 Nxc4 19. Bxc4 Bb7 20. Nxc5 bxc3 21. bxc3
Qc8 22. Qe3 Qc6 23. Nxb7 Qxc4 24. Nc5 Rf7 25. Ne4 Bd8 26. Rfe1 Bb6 27. Qe2 Qd5
28. Rad1 Qa5 29. Qb5 Qxb5 30. axb5 Rc8 31. Rd2 Rf5 32. Kf1 Kg7 33. Rb2 Rc4 34.
f3 h6 35. Ree2 g5 36. h3 Kg6 37. Ke1 h5 38. Red2 Ba5 39. Rb3 g4 40. hxg4 hxg4
41. Ke2 gxf3+ 42. gxf3 Rd5 43. Rd3 Ra4 44. Rxd5 exd5 45. Nc5 Ra2+ 46. Kd3 Kf5
47. Rb1 Ke5 48. Nb7 Ra3 49. Re1+ Kf6 50. Nxa5 Rxa5 51. Re7 Rxb5 52. Kd4 Rb1 53.
Kxd5 Rd1+ 54. Kc5 Rd3 55. c4 Rxf3 56. Rxd7 a5 57. Ra7 Ke6 58. Rxa5 Rf5+ 59. Kb6
Rf1 60. Kc6 1-0

[Event "Hastings Masters"]
[Site "Hastings"]
[Date "2024.01.05"]
[Round "9.22"]
[White "Beaumont, Chris R"]
[Black "Onuoha, Obioma"]
[Result "1/2-1/2"]
[WhiteElo "2236"]
[BlackElo "1995"]
[PlyCount "126"]
[EventDate "2023.12.28"]
[EventType "swiss"]
[EventRounds "9"]
[EventCountry "ENG"]
[SourceTitle "BritBase"]
[Source "John Saunders"]
[SourceDate "2024.01.08"]
[SourceVersion "1"]
[SourceVersionDate "2024.01.08"]
[SourceQuality "1"]

1. Nf3 d5 2. d4 e6 3. c4 c6 4. Qc2 f5 5. Bf4 Nf6 6. e3 Bb4+ 7. Nbd2 O-O 8. Bd3
Ne4 9. O-O Nd7 10. c5 Ba5 11. Rab1 g5 12. Bxe4 gxf4 13. Bd3 fxe3 14. fxe3 Bc7
15. b4 a6 16. a4 Nf6 17. b5 axb5 18. axb5 Ng4 19. b6 Bb8 20. Rfe1 Qf6 21. h3
Nh6 22. Rf1 Qg7 23. Rf2 Bg3 24. Re2 Kh8 25. Nf1 Bb8 26. Ree1 Rg8 27. Ra1 Rxa1
28. Rxa1 Bd7 29. Ra2 Nf7 30. Kh1 h6 31. N1h2 Ng5 32. Nxg5 Qxg5 33. Qf2 Be8 34.
Nf3 Qg7 35. Ne5 Bxe5 36. dxe5 Qxe5 37. Qb2 Qxb2 38. Rxb2 Bd7 39. Ra2 Rb8 40.
Ra7 Kg7 41. Kh2 Kf6 42. Kg3 e5 43. Ba6 Bc8 44. Be2 Kg5 45. h4+ Kf6 46. Kf3 Be6
47. Bf1 e4+ 48. Kf4 Rg8 49. Be2 Rxg2 50. Bh5 Rg7 51. Be2 Bg8 52. Bh5 Ke6 53.
Be2 Kf6 54. Bh5 Be6 55. Be2 Bc8 56. Ra8 Rg8 57. Rb8 Ke6 58. Ra8 Kf6 59. Bh5 Ke6
60. Be2 Kf6 61. Bh5 Ke6 62. Be2 Kf6 63. Bh5 Ke6 1/2-1/2

[Event "Hastings Masters"]
[Site "Hastings"]
[Date "2024.01.05"]
[Round "9.23"]
[White "Ismail, Mohammed Aayan"]
[Black "Honey, Luke"]
[Result "1-0"]
[WhiteElo "2115"]
[BlackElo "1907"]
[PlyCount "105"]
[EventDate "2023.12.28"]
[EventType "swiss"]
[EventRounds "9"]
[EventCountry "ENG"]
[SourceTitle "BritBase"]
[Source "John Saunders"]
[SourceDate "2024.01.08"]
[SourceVersion "1"]
[SourceVersionDate "2024.01.08"]
[SourceQuality "1"]

1. c4 c6 2. e4 d5 3. cxd5 cxd5 4. exd5 Nf6 5. Bb5+ Nbd7 6. Nc3 g6 7. d3 Bg7 8.
Nge2 O-O 9. Bc4 b6 10. O-O Bb7 11. Nf4 Nc5 12. Re1 Na6 13. a4 Nc7 14. Qb3 Qd6
15. a5 Rfb8 16. a6 Bc8 17. Nb5 Nxb5 18. Bxb5 Bd7 19. g3 Rd8 20. Ra3 Bxb5 21.
Qxb5 Nxd5 22. Bd2 e6 23. Rc1 Nxf4 24. Bxf4 Qd7 25. Rc6 Rac8 26. Rxc8 Qxc8 27.
Ra4 Rd4 28. Rc4 Rxc4 29. dxc4 Bd4 30. b4 Qa8 31. Bh6 Bg7 32. Be3 Bf8 33. Qd7
Bxb4 34. Bh6 Bc5 35. h4 Qb8 36. Kg2 Bd6 37. Kg1 Bc5 38. Bf4 e5 39. Bh6 Bd6 40.
Kg2 Qa8+ 41. Kg1 Qb8 42. h5 e4 43. Kh2 Be5 44. Qb7 f5 45. Qd5+ Kh8 46. Qb7 Kg8
47. Kg2 Qc7 48. Qd5+ Kh8 49. Qe6 Qb8 50. Qf7 Qg8 51. Qxa7 gxh5 52. Qe7 Bd4 53.
a7 1-0

[Event "Hastings Masters"]
[Site "Hastings"]
[Date "2024.01.05"]
[Round "9.24"]
[White "Banerjee, Supratit"]
[Black "Walker, Martin G"]
[Result "1/2-1/2"]
[WhiteElo "1974"]
[BlackElo "2090"]
[PlyCount "66"]
[EventDate "2023.12.28"]
[EventType "swiss"]
[EventRounds "9"]
[EventCountry "ENG"]
[SourceTitle "BritBase"]
[Source "John Saunders"]
[SourceDate "2024.01.08"]
[SourceVersion "1"]
[SourceVersionDate "2024.01.08"]
[SourceQuality "1"]

1. e4 e5 2. Nf3 Nc6 3. d4 exd4 4. Nxd4 Nf6 5. Nc3 Bb4 6. Nxc6 bxc6 7. Bd3 d5 8.
exd5 O-O 9. O-O Bg4 10. f3 Bh5 11. dxc6 Qd4+ 12. Kh1 Bxc3 13. bxc3 Qxc3 14. Bg5
Qxc6 15. Qd2 Bg6 16. Rac1 Rfe8 17. Rfd1 Rad8 18. Qf2 a6 19. h3 h6 20. Bxg6 fxg6
21. Bxf6 Qxf6 22. c4 Rxd1+ 23. Rxd1 Qe5 24. Qd4 Qxd4 25. Rxd4 Re2 26. Rd7 Rxa2
27. Rxc7 Rc2 28. c5 a5 29. c6 a4 30. Rc8+ Kh7 31. c7 a3 32. Ra8 a2 33. Rxa2
Rxc7 1/2-1/2

[Event "Hastings Masters"]
[Site "Hastings"]
[Date "2024.01.05"]
[Round "9.25"]
[White "Byrn, Carsten"]
[Black "Gimenez Menchon, Cesar"]
[Result "0-1"]
[WhiteElo "1823"]
[BlackElo "2088"]
[PlyCount "46"]
[EventDate "2023.12.28"]
[EventType "swiss"]
[EventRounds "9"]
[EventCountry "ENG"]
[SourceTitle "BritBase"]
[Source "John Saunders"]
[SourceDate "2024.01.08"]
[SourceVersion "1"]
[SourceVersionDate "2024.01.08"]
[SourceQuality "1"]

1. d4 d6 2. Nf3 Nf6 3. c4 g6 4. Nc3 Nbd7 5. e4 e5 6. Be2 Bg7 7. h3 O-O 8. Bg5
h6 9. Be3 exd4 10. Nxd4 Re8 11. Qc2 Nc5 12. f3 Nh5 13. O-O-O f5 14. g4 Ng3 15.
Rhg1 Nxe2+ 16. Qxe2 fxe4 17. Nc6 bxc6 18. Bxc5 Qg5+ 19. Be3 exf3 20. Bxg5 fxe2
21. Rde1 hxg5 22. Nxe2 Ba6 23. b3 d5 0-1

[Event "Hastings Masters"]
[Site "Hastings"]
[Date "2024.01.05"]
[Round "9.26"]
[White "Evenshaug, Amadeus Hestvik"]
[Black "Suez-Panama, Gilles"]
[Result "1/2-1/2"]
[WhiteElo "2041"]
[BlackElo "1868"]
[PlyCount "117"]
[EventDate "2023.12.28"]
[EventType "swiss"]
[EventRounds "9"]
[EventCountry "ENG"]
[SourceTitle "BritBase"]
[Source "John Saunders"]
[SourceDate "2024.01.08"]
[SourceVersion "1"]
[SourceVersionDate "2024.01.08"]
[SourceQuality "1"]

1. e4 e6 2. d4 d5 3. Nc3 Nf6 4. e5 Nfd7 5. f4 c5 6. Nf3 Nc6 7. Ne2 Qb6 8. c3 f6
9. g3 cxd4 10. cxd4 fxe5 11. fxe5 Bb4+ 12. Nc3 O-O 13. Bf4 Ndxe5 14. Bxe5 Nxe5
15. Nxe5 Bxc3+ 16. bxc3 Qb2 17. Qc1 Qf2+ 18. Kd1 Qxf1+ 19. Rxf1 Rxf1+ 20. Kd2
Rxc1 21. Rxc1 b6 22. Rf1 Rb8 23. Rf7 Rb7 24. Rxb7 Bxb7 25. h4 Kf8 26. Ke3 Ke7
27. g4 Kd6 28. Kf4 Ba6 29. Kg5 Be2 30. h5 Bd1 31. h6 gxh6+ 32. Kxh6 Bc2 33. Kg7
b5 34. Kf7 a5 35. a3 Bd1 36. g5 Bc2 37. Ke8 Bg6+ 38. Kd8 Bh5 39. Kc8 Be2 40.
Kb7 a4 41. Kb6 Bc4 42. g6 hxg6 43. Nxg6 Bd3 44. Ne5 Be2 45. Nc6 Bf1 46. Na7 e5
47. Nxb5+ Bxb5 48. dxe5+ Kxe5 49. Kxb5 d4 50. cxd4+ Kxd4 51. Kxa4 Kc4 52. Ka5
Kc5 53. a4 Kc6 54. Ka6 Kc7 55. a5 Kb8 56. Kb6 Ka8 57. a6 Kb8 58. a7+ Ka8 59.
Ka6 1/2-1/2